00437nam a2200169Ia 4500003000400000008004100004040001600045082001900061100002000080245004500100700001700145260004200162650001500204650001300219650001200232650002300244GCL140319s9999 xx 000 0 eng d aGCL / cGCL04aCHb891.7bT E1 aTOLSTOY, ALEXEI10aTHE FOX AND THE WOLF / cTOLSTOY, ALEXEI1 aBOTTING, TOM a[S.N] : bMALYSH PUBLISHERS ، c197804aLITERATURE04aCHILDREN04aFICTION04aCHILDREN - FICTION